000 00311nam a2200145Ia 4500
100 _aAmirthavalli/M
650 _aFuzzy logic
942 _cBK
366 _f25
245 _aFuzzy logic and neural networks
260 _bSci tech
_c2004
082 _a4.65
_bAMI
546 _aENGLISH
_cComputers
999 _c31505
_d31505